Statistics for Teams in European Championship 1996

Click here to take the quiz!

General Stats

  • This quiz has been taken 525 times
  • The average score is 15 of 16

Answer Stats

HintAnswer% Correct
AEngland
99%
CGermany
98%
BFrance
97%
CItaly
97%
DPortugal
97%
BSpain
97%
ANetherlands
96%
DDenmark
93%
CRussia
91%
CCzech Republic
90%
AScotland
90%
DCroatia
89%
ASwitzerland
88%
BBulgaria
84%
BRomania
84%
DTurkey
84%

Score Distribution

Percentile by Number Answered

Percent of People with Each Score

Your Score History

You have not taken this quiz